[Event "15th Deltalift Open 2018"]
[Site "Halmstad"]
[Date "2018.05.11"]
[Round "6"]
[White "Tuomainen, Felix"]
[Black "Mattsson, Michael"]
[Result "1/2-1/2"]
[WhiteElo "2211"]
[BlackElo "2020"]
[Annotator "TA"]
[PlyCount "206"]
[EventDate "2018.??.??"]
[EventType "swiss"]
[EventCountry "SWE"]
[SourceTitle "playchess.com"]
[Source "ChessBase"]
[SourceQuality "1"]

{[%evp 13,206,35,35,0,5,12,12,6,33,29,35,10,13,14,22,23,135,138,124,133,117,123,102,111,111,117,193,83,59,74,116,120,139,0,0,-14,-20,-15,-19,-37,-42,-25,-28,-121,-129,-183,-137,-148,-149,-149,-149,-210,-210,-210,-210,-253,-217,-237,-210,-210,-210,-210,0,-210,-201,-206,-206,-200,-192,-192,-192,-200,-129,-213,-213,-1828,-1828,-1791,-1783,-1714,-1693,-1693,-1678,-1636,0,-552,-234,-1464,-1385,-1147,-36,-83,-6,-109,-6,-1147,-1147,-435,-14,-14,-14,-14,-14,-14,0,0,0,0,0,0,0,0,0,0,0,0,0,0,0,0,0,0,0,0,0,0,0,0,0,0,0,0,0,0,0,0,0,0,0,0,0,0,0,0,0,0,0,0,0,0,0,0,0,0,0,0,0,0,0,0,0,0,0,0,0,0,0,0,0,0,0,0,0,0,0,0,0,0,0,0,0,0,0,0,0,0,0,0,0,0,0,0,0,0,8]} 1. d4 d5 2. Nf3 Nf6 3. c4 c6 4. e3 Bf5 5. Nc3 e6 6. Nh4 Bg6 7. Nxg6 hxg6 {LiveBook: 976 Games} 8. cxd5 {D12: Slav Defence: 3 Nf3 Nf6 4 e3 Bf5} (8. Bd2 Nbd7 9. Qb3 Rb8 10. cxd5 cxd5 11. Bd3 a6 12. e4 dxe4 13. Nxe4 Nxe4 14. Bxe4 Rh4 15. f4 Bd6 {½-½ (32) Krasenkow,M (2651)-Sasikiran,K (2677) Germany 2017}) 8... exd5 9. g3 Bd6 10. Bg2 Qe7 11. O-O Nbd7 12. a3 Ne4 13. Nxe4 $146 ({Predecessor:} 13. Qc2 Ndf6 14. f3 Ng5 15. e4 Nd7 {1-0 (38) Pavia Miralles,J (2278)-Arance Gonzalez,L (2121) Cullera 2006}) 13... dxe4 14. b4 Nb6 (14... f5 $11) 15. Qg4 $16 a5 16. bxa5 ({Worse is} 16. Bxe4 axb4 17. a4 O-O $11) ({Don't take} 16. Qxe4 $6 Qxe4 17. Bxe4 axb4 $11) 16... Rxa5 17. Qxe4 Qxe4 18. Bxe4 Kd7 19. Bd2 Rxa3 (19... Ra7 $16) 20. Rab1 (20. Rxa3 $18 {is the precise move to win.} Bxa3 21. Rb1) 20... Kc7 21. Rfc1 Ra4 22. Bc2 Ra2 23. e4 (23. Bc3 $16) 23... Rha8 $11 24. Bb4 Bxb4 25. Rxb4 Ra1 $36 {[%mdl 2048] Black has some pressure.} 26. Rbb1 Rxb1 27. Rxb1 $15 {[%mdl 4096] Endgame KRB-KRN} Nc4 28. Rb4 (28. Kg2 $11 {remains equal.}) 28... b5 $17 29. Bd3 (29. Rb1 $17) 29... Ra1+ 30. Kg2 Rd1 $1 {[%cal Rd1d3]} 31. Bxc4 Rxd4 32. Rxb5 (32. Kf3 $17 {was necessary.}) 32... cxb5 $19 ({Not} 32... Rxc4 33. Ra5 $11) 33. Bxb5 Rxe4 $17 {KR-KB} 34. Kf3 Re5 35. Bc4 Kd6 36. h4 Rf5+ 37. Ke3 Re5+ $2 ({Black should play} 37... Kc5 $19 38. Bd3 Re5+ 39. Kf3 Kd4) 38. Kf4 $2 (38. Kf3 $1 $11 g5 39. hxg5) 38... f6 39. Bf7 g5+ 40. hxg5 Rxg5 41. Bc4 Ra5 42. Bd3 g5+ 43. Ke3 (43. Kg4 $17 {was called for.}) 43... f5 $19 44. f4 $2 (44. Kf3) 44... g4 45. Kd4 Rd5+ 46. Kc4 Kc6 47. Bb1 Ra5 48. Kd4 Kd6 (48... Kd7 $142 49. Bc2 Ke6) 49. Bd3 Ra3 (49... Ke6 $142 50. Bc4+ Kd7) 50. Bxf5 $2 (50. Ke3) 50... Rxg3 51. Ke4 Rg1 $2 (51... Rg2 $19 {White must now prevent ...Ke7.} 52. Bc8 Ke7) 52. Ke3 $1 $15 {[#]} g3 (52... Rg2 $1 $17 {Strongly threatening ...Ke7.} 53. Ke4 Ke7) 53. Bh3 (53. Kf3 $11) 53... Ra1 (53... Rh1 $17 54. Bg2 Rh6) 54. Bg2 $2 {[%mdl 8192] [#]} (54. Kf3 $11) 54... Ra3+ $1 $19 55. Ke4 Ke6 $2 ({Better is} 55... Rb3 $19 {aiming for ...Ke7.} 56. Bh3 Ke7) 56. f5+ $1 $11 {The position is equal.} Kf6 {Threatens to win with ...Kg5.} 57. Kf4 Ra4+ (57... Ra1 {feels hotter.} 58. Kxg3 Rc1 59. Kf4 Rc4+ 60. Kg3 Rc3+) 58. Kxg3 Kxf5 59. Bh3+ Kg5 60. Kf2 Kf4 61. Ke2 Rd4 62. Bc8 Rc4 63. Bb7 Rc7 64. Ba8 Rd7 65. Bc6 Rd6 66. Bb7 Ke5 67. Ke3 Rb6 68. Ba8 Rb3+ 69. Kd2 Kd4 70. Kc2 Rb8 71. Bf3 Rf8 72. Bg4 Kc4 73. Be6+ Kb4 74. Kb2 Rf2+ 75. Ka1 Kc3 76. Bd5 Rd2 77. Bf7 Rf2 78. Bd5 Rf4 79. Ba2 Rf2 80. Bd5 Kc2 81. Be4+ Kc1 82. Bb1 Rf4 83. Ba2 Kc2 84. Bb1+ Kb3 85. Ba2+ Ka3 86. Bb1 Ra4 {( -> ...Kb3+)} 87. Bc2 Rh4 88. Bf5 Rf4 89. Bg6 Kb3 90. Bh7 Ra4+ 91. Kb1 Rh4 {[%cal Rh4h1]} 92. Bg8+ Kc3 93. Bf7 Rb4+ 94. Ka1 Rb7 95. Bd5 Ra7+ 96. Kb1 Ra5 97. Bf7 Rb5+ 98. Ka1 Kc2 99. Bg6+ Kc1 {[%cal Rb5a5]} 100. Ka2 Rb6 101. Bf5 Rf6 102. Bh7 Ra6+ 103. Kb3 Ra3+ {Precision: White = 46%, Black = 51%.} 1/2-1/2

[Event "15th Deltalift Open 2018"]
[Site "Halmstad"]
[Date "2018.05.11"]
[Round "6"]
[White "Nilsson, Patrik"]
[Black "Torngren, Gustav"]
[Result "1-0"]
[WhiteElo "2195"]
[BlackElo "2023"]
[Annotator "TA"]
[PlyCount "93"]
[EventDate "2018.??.??"]
[EventType "swiss"]
[EventCountry "SWE"]
[SourceTitle "playchess.com"]
[Source "ChessBase"]
[SourceQuality "1"]

{[%evp 19,93,10,14,-41,-29,-31,-35,-43,-32,-54,20,22,19,15,18,20,35,4,7,1,61,59,58,53,78,76,74,71,72,71,71,76,78,78,138,141,139,20,20,16,16,9,16,9,16,16,16,23,30,18,79,79,79,79,79,79,79,79,79,79,79,16,79,79,716,668,725,706,12849,12849,12850,12850,12850,29986,29988,29989]} 1. e4 c5 2. c3 d5 3. exd5 Qxd5 4. d4 g6 5. Nf3 Bg7 6. Na3 cxd4 7. Bc4 {B06: Modern Defence} Qe4+ 8. Be3 Nh6 {[%cal Bg8h6,Bh6f5,Bf5e3][%mdl 32]} 9. cxd4 O-O 10. O-O Nf5 {LiveBook: 22 Games} 11. Ng5 $146 (11. Qb3 $11 Qg4 12. h3) ({Predecessor:} 11. Re1 Nxe3 12. Rxe3 Qf4 13. Ne5 Nc6 14. Rf3 Qxd4 15. Nxf7 {0-1 (38) Potapov,P (2477)-Korobov,A (2708) Sochi 2015}) 11... Nxe3 $15 {[%csl Ge3][%cal Re4g2] [#]} 12. Nxe4 Nxd1 13. Raxd1 Nc6 14. d5 Bxb2 (14... Nd4 $15) 15. dxc6 $11 Bxa3 16. Rd3 $1 $36 {[%cal Rd3a3][%mdl 2048] White has some pressure.} Bd6 17. Nxd6 exd6 18. Rxd6 {Black must now prevent c7.} bxc6 19. Re1 Kg7 (19... Rb8 $11) 20. Re7 $1 $14 Rb8 21. h3 Rb7 22. Rxb7 Bxb7 $16 {[%mdl 4096] Endgame KRB-KRB} 23. Rd7 Bc8 24. Rxa7 Kf6 25. Rc7 Be6 26. Rxc6 Ke5 ({Black should try} 26... Ra8) 27. Bxe6 fxe6 {KR-KR} 28. Rc2 (28. Ra6 $16) 28... Ra8 $1 $11 29. Rd2 h5 30. Kf1 Kf5 31. Ke2 Ra3 32. Kd1 g5 33. Kc1 Ra8 34. Kb1 h4 (34... e5 $11) 35. Rd4 e5 36. Rc4 e4 {[#]} 37. a4 $1 {[%cal Ba2a4,Ba4a5,Ba5a6][%mdl 32]} Kf4 38. Kc2 Ra7 39. Kc3 Ra8 40. Kb3 (40. Rb4 $16) 40... Rb8+ (40... Ke5 $1 $11 {remains equal.}) 41. Rb4 Rg8 $2 {[%mdl 8192]} (41... Ra8 $16 42. Rb7 Ke5 43. Rb5+ Kd4) 42. a5 $18 g4 43. hxg4 Rxg4 44. Rxe4+ Kxe4 45. f3+ Kf4 46. fxg4 Kxg4 47. a6 {Precision: White = 57%, Black = 47%.} 1-0

[Event "15th Deltalift Open 2018"]
[Site "Halmstad"]
[Date "2018.05.11"]
[Round "6"]
[White "Sorensen, Hampus"]
[Black "Bohman Karlholm, Adrian"]
[Result "1/2-1/2"]
[WhiteElo "2176"]
[BlackElo "2019"]
[Annotator "NA RC"]
[PlyCount "65"]
[EventDate "2018.??.??"]
[EventType "swiss"]
[EventCountry "SWE"]
[SourceTitle "playchess.com"]
[Source "ChessBase"]
[SourceQuality "1"]
[TimeControl "40/5400+30:1800+30"]

1. d4 {[%emt 0:00:00]} d5 {[%emt 0:00:08]} 2. c4 {[%emt 0:00:00]} e6 {[%emt 0:00:07]} 3. Nc3 {[%emt 0:00:24]} c6 {[%emt 0:00:33]} 4. e3 {[%emt 0:01:02]} f5 {[%emt 0:00:30]} 5. Nf3 {[%emt 0:01:04]} Nf6 {[%emt 0:00:24]} 6. Bd3 {[%emt 0:01:39]} Bd6 {[%emt 0:01:00]} 7. O-O {[%emt 0:01:02]} O-O {[%emt 0:00:24]} 8. b3 {[%emt 0:09:38]} Ne4 {[%emt 0:04:05]} 9. Bb2 {[%emt 0:01:20]} Nd7 {[%emt 0:01:56]} 10. Qc2 {[%emt 0:03:08] LiveBook: 12 Games A85: Dutch Defence: 2 c4 Nf6 3 Nc3} (10. Ne2 b6 11. b4 Rb8 12. b5 Bb7 13. cxd5 cxd5 14. Qa4 Qe7 15. Qb3 Ra8 16. a4 a5 17. Ba3 Bxa3 18. Rxa3 {1-0 (54) Morozevich,A (2758)-Timofeev,A (2616) Loo 2013}) 10... g5 {[%emt 0:11:57]} 11. Ne2 {[%emt 0:05:21]} Qf6 {[%emt 0:09:14]} 12. Ng3 {[%emt 0:27:14]} ({White should try} 12. g3 $11) 12... g4 {[%emt 0:05:54]} 13. Bxe4 $146 {[%emt 0:03:52]} ({Predecessor:} 13. Ne5 Nxe5 14. Nh5 Qh8 15. dxe5 Bxe5 16. Bxe5 Qxe5 17. f3 Nc5 18. Rae1 Nxd3 19. Qxd3 Bd7 20. e4 fxe4 {0-1 (20) Gromark,P (2056)-Ziegler,A (2327) Vaxjo 2015}) 13... fxe4 {[%emt 0:02:20]} 14. Nd2 {[%emt 0:01:54]} Rf7 {[%emt 0:12:23]} 15. Rae1 {[%emt 0:04:45]} Qh4 {[%emt 0:01:35]} 16. Re2 {[%emt 0:03:50]} Nf6 {[%emt 0:05:51]} 17. f4 {[%emt 0:05:14]} gxf3 {[%emt 0:12:58]} 18. gxf3 {[%emt 0:00:28]} Rg7 {[%emt 0:01:03]} 19. Rg2 {[%emt 0:02:26]} Bxg3 {[%emt 0:01:44]} 20. hxg3 {[%emt 0:00:08]} Rxg3 {[%emt 0:00:24]} 21. Rff2 {[%emt 0:00:52]} Kh8 {[%emt 0:06:55]} 22. Rxg3 {[%emt 0:11:22]} Qxg3+ {[%emt 0:00:07]} 23. Kf1 {[%emt 0:00:09]} Bd7 {[%emt 0:02:06]} 24. Ba3 {[%emt 0:02:14]} Rg8 {[%emt 0:01:27]} 25. Be7 {[%emt 0:03:26]} Rg6 {[%emt 0:00:58]} 26. Ke2 {[%emt 0:03:20]} Rh6 {[%emt 0:05:40]} 27. Qd1 {[%emt 0:02:56]} (27. fxe4 $17 Ng4 28. Rf8+ Kg7 29. Nf1 Qg2+ 30. Kd3 Qxe4+ 31. Kc3 Qxc2+ 32. Kxc2) 27... exf3+ {[%emt 0:01:02]} (27... e5 $19 28. Nf1 Qg7 29. dxe5 Qxe7 30. exf6 Rxf6) 28. Rxf3 {[%emt 0:00:32]} Qg2+ {[%emt 0:05:57]} 29. Kd3 {[%emt 0:00:14]} Ne4 {[%emt 0:01:25]} 30. Nxe4 $4 {[%emt 0:02:08]} (30. Rf8+ $15 Kg7 31. Nxe4 Qxe4+ 32. Kc3) 30... dxe4+ {[%emt 0:00:04]} 31. Kxe4 {[%emt 0:00:01]} Rh3 $2 {[%emt 0:02:14]} (31... Rh1 $19 32. Qxh1 Qxh1) 32. Kf4 $19 {[%emt 0:01:06]} (32. Qf1 $11 Qg6+ 33. Ke5 Qh5+ 34. Ke4 Qg6+ 35. Ke5 Qh5+ 36. Ke4 Qg6+) 32... Qh2+ {[%emt 0:01:30]} 33. Ke4 {[%emt 0:00:08]} 1/2-1/2

[Event "15th Deltalift Open 2018"]
[Site "Halmstad"]
[Date "2018.05.11"]
[Round "6"]
[White "Brzezinski, Adam"]
[Black "Silseth, Simon"]
[Result "0-1"]
[WhiteElo "2152"]
[BlackElo "2239"]
[Annotator "TA"]
[PlyCount "118"]
[EventDate "2018.??.??"]
[EventType "swiss"]
[EventCountry "SWE"]
[SourceTitle "playchess.com"]
[Source "ChessBase"]
[SourceQuality "1"]

{[%evp 16,118,112,106,295,293,304,312,304,299,349,239,335,320,309,277,296,211,229,235,347,323,354,355,351,334,321,321,322,302,258,216,193,212,249,124,115,114,121,114,91,106,104,97,88,-5,-7,-10,82,75,62,72,65,107,15,-128,-94,-104,-102,-102,-108,-185,-124,-144,-177,-167,-183,-188,-117,-162,-187,-179,-154,-554,-530,-709,-663,-1167,-519,-787,-772,-914,-914,-2562,-485,-485,-449,-1052,-982,-912,-798,-1108,-1029,-1013,-968,-12841,-893,-12842,-12843,-12843,-12843,-29993,-29992,-29992,-29993]} 1. d4 f5 2. Bg5 h6 3. Bh4 g5 4. e4 Bg7 5. Bg3 f4 (5... d6 6. exf5 Bxf5 7. Qh5+ Kd7 8. Qf3 e6 9. Na3 Nc6 10. c3 Nge7 11. Qd1 Ng6 12. Qb3 {½-½ (53) Dgebuadze,A (2515)-Beukema,S (2396) Brasschaat 2017}) 6. Bxf4 {A80: Dutch Defence: Unusual White second moves} gxf4 7. Qh5+ Kf8 8. Qf5+ Ke8 9. Be2 $1 {[%cal Re2h5] LiveBook: 5 Games} h5 $2 (9... Nf6 $16 {was worth a try.}) 10. Bxh5+ $18 Rxh5 11. Qxh5+ Kf8 12. Qf5+ Ke8 13. Nf3 $146 {[%cal Bg1f3,Bf3g5,Bg5h7,Bh7f6][%mdl 32]} e6 (13... Nh6 $142 14. Qg5 (14. Qxf4 d6 $18) 14... Kf8) 14. Qg6+ (14. Qxf4 Nc6 $18) 14... Kf8 15. Ng5 {[%csl Gg5][%cal Rg6f7]} Nh6 16. e5 {Hoping for Nd2.} (16. Nh7+ $6 Kg8 $18) 16... Nc6 17. Nd2 {[%cal Bb1d2,Bd2f3,Bf3g5][%mdl 32]} d5 (17... Ne7 {keeps fighting.} 18. Nh7+ Kg8 19. Nf6+ Kf8) 18. Ndf3 (18. Nh7+ Kg8 $18) 18... Ne7 19. Nh7+ ({But not} 19. Nxe6+ Bxe6 20. Qxe6 Qc8 $18) 19... Kg8 20. Nf6+ Kf8 21. Qh5 Nef5 22. Ng5 Ke7 23. g4 Nxd4 24. O-O-O $1 Nc6 25. Rhe1 ({Inferior is} 25. Qg6 Qh8 $17) (25. Ngh7 $1 $18 {is the precise move to win.}) 25... Qh8 $16 26. Ngh7 Nf7 27. Qh4 {White threatens Nxd5+ and mate.} Bxf6 28. exf6+ Kd6 29. g5 {[%cal Bg4g5,Bg5g6,Bg6g7][%mdl 1056] White has strong compensation.} Nce5 30. Qh5 ({White should try} 30. g6 $16 Nxg6 31. Qh5) 30... Qg8 $11 31. Rg1 $1 {g6 is the strong threat.} Ng6 (31... Qg6 $11 32. Qxg6 Nxg6) 32. Nf8 $1 $16 {[%cal Rf8g6]} Nxf8 33. g6 Ne5 {[%cal Rf8g6]} 34. g7 Nfd7 {[#]} 35. Rde1 (35. c4 $1 $11 {[%mdl 512] remains equal.}) 35... b6 36. Qg5 Nf7 $1 {[%cal Rf7g5]} 37. Qxf4+ e5 38. Qf3 (38. Qd2 $17 {might work better.}) 38... Bb7 (38... Nc5 $19 39. h4 Bd7) 39. h4 Qh7 $1 40. h5 Rg8 $1 41. Rg6 Nc5 (41... e4 $19 42. Qf5 Nde5) 42. b4 $17 {[#]} Ne6 $1 {[%cal Re6f4] White must now prevent ...Nf4.} 43. b5 Nc5 44. Rxe5 $2 (44. Kb2 $17 {is a better chance.}) 44... Kxe5 $19 (44... Nxe5 45. Qg3 $11) 45. Qg3+ Ke6 46. Qxc7 Re8 (46... Qxh5 $142 47. Qe7+ Kf5 48. Qxf7 {[#]} Nd3+ $1 {[%mdl 512]} 49. cxd3 Rc8+ 50. Kd2 Qxg6) 47. Rg3 (47. Qf4 $142 Qxh5 48. g8=Q Rxg8 49. Rxg8) 47... d4 48. f4 Be4 49. f5+ Bxf5 (49... Qxf5 $142 50. g8=B Qf1+ 51. Kb2 Rxg8 52. Rxg8 Na4+ 53. Kb3 Qb1+ 54. Kxa4 Bxc2+ 55. Qxc2 Qxc2+ 56. Ka3 d3 57. Rg1 d2 58. Rh1 Qc3+ 59. Ka4 a5 60. bxa6 Nd6 61. Re1+ dxe1=Q 62. h6 Qh4#) 50. Qc6+ Nd6 51. f7 (51. Qxe8+ $142 Nxe8 52. g8=Q+ Qxg8 53. Rxg8) 51... Kxf7 {( -> ...Qh6+)} 52. Qxd6 Kg8 53. h6 Be6 54. Rf3 Qxh6+ 55. Kb2 Nd7 56. Rg3 Qf6 57. Qc6 d3+ 58. Ka3 Qe7+ 59. Ka4 Nc5+ {Precision: White = 52%, Black = 64%.} 0-1

[Event "15th Deltalift Open 2018"]
[Site "Halmstad"]
[Date "2018.05.11"]
[Round "6"]
[White "Ask, Josef"]
[Black "Wahlstrom, Lennart"]
[Result "1/2-1/2"]
[WhiteElo "2135"]
[BlackElo "2200"]
[Annotator "TA"]
[PlyCount "33"]
[EventDate "2018.??.??"]
[EventType "swiss"]
[EventCountry "SWE"]
[SourceTitle "playchess.com"]
[Source "ChessBase"]
[SourceQuality "1"]

{[%evp 14,33,-4,-3,40,8,22,19,25,0,0,-15,0,0,5,-30,9,0,0,7,12,0]} 1. Nf3 d5 2. g3 c5 3. Bg2 Nc6 4. O-O Nf6 5. d3 e5 6. e4 dxe4 7. dxe4 Qxd1 8. Rxd1 {LiveBook: 41 Games} Be7 {A08: King's Indian Attack} (8... Bg4 9. c3 Nxe4 10. Re1 O-O-O 11. Na3 Nf6 12. Nc4 Be6 13. Nfxe5 Nxe5 14. Nxe5 Bd6 15. f4 Rhe8 16. Be3 Ng4 17. Nxg4 Bxg4 {½-½ (30) Skoberne,J (2555)-Predojevic,B (2640) Austria 2017}) 9. c3 h6 10. Na3 {[%cal Bb1a3,Ba3c2,Bc2e3][%mdl 32]} Be6 11. Re1 $146 ({Predecessor:} 11. Nh4 O-O 12. Nf5 Rfd8 13. Nxe7+ Nxe7 14. Rxd8+ Rxd8 15. Be3 b6 16. f3 {½-½ (42) Klenburg,M (2439)-Ismagambetov,A (2399) Moscow 2005}) 11... O-O 12. Nd2 Nd7 13. f4 {[%cal Bf2f4,Bf4f5][%mdl 32]} f6 14. Nc2 Rad8 15. f5 $1 {[%cal Rf5e6] The position is equal.} Bf7 16. Ne3 Nb6 17. Bf1 {Precision: White = 52%, Black = 48%.} 1/2-1/2

[Event "15th Deltalift Open 2018"]
[Site "Halmstad"]
[Date "2018.05.11"]
[Round "6"]
[White "Fransson, Patrick"]
[Black "Madebrink, Lars"]
[Result "0-1"]
[WhiteElo "2129"]
[BlackElo "2192"]
[Annotator "TA"]
[PlyCount "78"]
[EventDate "2018.??.??"]
[EventType "swiss"]
[EventCountry "SWE"]
[SourceTitle "playchess.com"]
[Source "ChessBase"]
[SourceQuality "1"]

{[%evp 11,78,14,31,3,27,14,25,9,21,0,19,20,19,-8,0,-39,-38,-47,-42,-33,-23,-62,-48,-45,-47,-40,-47,-39,-27,-122,-100,-106,-102,-115,-93,-118,-127,-113,-119,-141,-167,-331,-345,-351,-290,-442,-435,-543,-523,-677,-402,-617,-527,-642,-482,-908,-878,-870,-786,-2848,-1520,-1243,-931,-29992,-29993,-29993,-29994,-29994,-29995]} 1. d4 Nf6 2. Bg5 Ne4 3. h4 d5 4. Nd2 Nxg5 5. hxg5 g6 6. Ngf3 {A45: Trompowsky Attack} Bg7 {LiveBook: 3 Games} 7. e3 c5 8. c3 {White has an edge.} Qd6 $146 ({Predecessor:} 8... Qb6 9. Qc2 Nc6 10. dxc5 Qxc5 11. Bd3 Bg4 12. Rh4 Bxf3 13. gxf3 O-O-O {½-½ (48) Roy,P (2351)-Ikonnikov,V (2538) Dieren 2017}) 9. Bd3 Nc6 10. Qe2 Bd7 11. O-O-O O-O-O 12. Rh4 h5 13. dxc5 (13. gxh6 $5 Bxh6 14. Rdh1 $11) 13... Qxc5 14. Nb3 Qb6 15. Nfd4 Ne5 16. Nc2 Nxd3+ 17. Qxd3 Bb5 18. Qd2 a5 {[%cal Ba7a5,Ba5a4][%mdl 32]} 19. Na3 Bc6 20. Qc2 (20. Nd4 $11) 20... e5 $17 21. c4 {[#]} Kb8 $1 22. c5 Qc7 $36 {[%mdl 2048] Black is in control.} 23. Qc3 a4 24. Na5 d4 25. exd4 exd4 26. Qb4 $2 (26. Nxc6+ {was called for.} Qxc6 27. Qg3+ Ka8 28. Kb1) 26... Rd5 $19 ({Weaker is} 26... Bxg2 27. Nb5 $19) 27. Kb1 {[#]} Rxc5 $1 {[%mdl 512]} 28. N5c4 ({Don't play} 28. Qxc5 {[#]} Be4+ $1 {[%mdl 512]} 29. Rxe4 Qxc5 $19) (28. Nxc6+ $142 Qxc6 29. Qd2) 28... Rxg5 {[%cal Bc5g5,Bg5g2,Bg2f2,Bf2d2,Bd2c2][%mdl 32]} 29. Rc1 Rd8 30. Nd2 Qd6 31. Qc4 (31. Qxd6+ $142 Rxd6 32. Ne4 Bxe4+ 33. Rxe4) 31... Qd5 32. Qb4 Rc8 33. Nf3 (33. g3 $142) 33... Rxg2 34. Nxd4 Rxf2 35. Qb6 Rd2 36. Nac2 Bd7 {aiming for ...Bf5.} 37. Nb4 Bf5+ {Black mates.} 38. Ndc2 {[#]} Rcxc2 $1 39. Nxc2 Rxc2 {Precision: White = 25%, Black = 66%.} 0-1

[Event "15th Deltalift Open 2018"]
[Site "Halmstad"]
[Date "2018.05.11"]
[Round "6"]
[White "Berggren Torell, Harald"]
[Black "Akesson, Ralf"]
[Result "0-1"]
[WhiteElo "2114"]
[BlackElo "2392"]
[Annotator "TA"]
[PlyCount "40"]
[EventDate "2018.??.??"]
[EventType "swiss"]
[EventCountry "SWE"]
[SourceTitle "playchess.com"]
[Source "ChessBase"]
[SourceQuality "1"]

{[%evp 9,40,7,11,-2,22,5,9,-17,13,0,0,-122,-122,-125,-119,-191,-187,-188,-181,-184,-181,-164,-103,-130,-115,-288,-281,-261,-234,-283,-211,-320,-281]} 1. e4 c6 2. d4 d5 3. e5 Bf5 4. h4 h5 5. Nf3 (5. Bd3 Bxd3 6. Qxd3 Qa5+ 7. Nd2 e6 8. Ne2 Ne7 9. O-O Nf5 10. Nf3 Qa6 11. Qd1 Be7 12. g3 c5 {½-½ (67) Nakamura,H (2787)-Artemiev,V (2697) Moscow 2018}) 5... e6 6. Bd3 {B12: Caro-Kann: Advance Variation} Ne7 {[%cal Bg8e7,Be7f5,Bf5e3][%mdl 32]} 7. O-O Nd7 8. Nc3 {The position is equal.} Qb6 $146 ({Predecessor:} 8... c5 9. Nb5 Nc6 10. Bxf5 exf5 11. Bg5 f6 12. exf6 gxf6 {1-0 (25) Cristino,F (1857)-Moretto,R (1800) Campo Grande 2014}) 9. b3 Bg4 10. Be2 {[#]} (10. Na4 $11 {keeps the balance.} Qc7 11. Ba3) 10... Bxf3 $1 $17 11. Bxf3 Nf5 12. Be3 {[#]} (12. Ne2 $17) 12... Nxe5 $1 $19 13. Bxh5 Nxe3 14. fxe3 g6 15. Be2 {Threatening Na4.} Rxh4 (15... Nd7 $19 16. g3 Qa5) 16. Na4 Qc7 17. dxe5 $2 (17. Qe1 $17 Rh7 18. Qg3) 17... Qxe5 {...Bh6 is the strong threat.} 18. Rf3 b5 ({Worse is} 18... Qh2+ 19. Kf2 $11) 19. Qe1 Rh7 ({Don't do} 19... bxa4 20. Qxh4 Qxa1+ 21. Kf2 $17) 20. Nc3 (20. Qc3 {keeps fighting.} Qd6 21. Rb1) 20... Bb4 {Precision: White = 22%, Black = 68%.} 0-1

[Event "15th Deltalift Open 2018"]
[Site "Halmstad"]
[Date "2018.05.11"]
[Round "6"]
[White "Holst, Conny"]
[Black "Arman, Deniz"]
[Result "0-1"]
[WhiteElo "2087"]
[BlackElo "2367"]
[Annotator "TA"]
[PlyCount "52"]
[EventDate "2018.??.??"]
[EventType "swiss"]
[EventCountry "SWE"]
[SourceTitle "playchess.com"]
[Source "ChessBase"]
[SourceQuality "1"]

{[%evp 22,52,64,69,76,47,56,-32,-42,-31,-27,-78,-57,-67,-65,-481,-495,-613,-489,-466,-1,-6,0,-314,-297,-801,-790,-1162,-1139,-2503,-2380,-5485,-5429]} 1. d4 Nf6 2. c4 g6 3. Nc3 d5 4. cxd5 Nxd5 5. e4 Nxc3 6. bxc3 Bg7 7. Nf3 O-O 8. Be2 c5 9. Be3 Qa5 10. O-O {D85: Exchange Grünfeld: Unusual White 7th moves and lines with 7 Nf3} (10. Nd2 Qxc3 11. Rc1 Qa3 12. Rxc5 Nc6 13. Rc4 Qd6 14. d5 Ne5 15. Rc1 e6 16. Bc5 Qd8 17. Bxf8 Qxf8 {1-0 (53) Mamedyarov,S (2799)-Nepomniachtchi,I (2729) Riadh 2017}) 10... Qxc3 11. Rc1 Qa3 12. Rxc5 {LiveBook: 4 Games. White is slightly better.} Qxa2 13. Bc4 Qa3 14. Qd2 (14. Bc1 $14 Qb4 15. Bd2) 14... b6 $1 $15 {[%cal Rb6c5]} 15. Rb5 $146 ({Predecessor:} 15. Rg5 Bb7 16. e5 Rc8 17. Rc1 e6 {0-1 (30) Willerup,M (2016)-Andersen,D (1972) Vanlose 2005}) 15... Nc6 16. Bh6 (16. Bd5 $11 Bb7 17. e5) 16... Na5 17. Bxg7 Kxg7 18. Rh5 $2 {[%mdl 8192]} (18. Bd3 $15) 18... gxh5 $19 19. Qg5+ Kh8 20. Qh6 {[%cal Rh6f8] [#]} Rg8 $2 (20... Bb7 $1 $19 21. Ng5 Bxe4 22. Nxf7+ {[#]} Rxf7 $1 {[%mdl 512]} 23. Bxf7 Qd3) 21. Ne5 $1 $36 {[%cal Re5f7][%mdl 2048] White has good play.} Rg7 22. Nxf7+ $2 {[%mdl 8192]} (22. Bxf7 $11 e6 23. Ng6+ Rxg6 24. Bxg6) 22... Kg8 $19 23. Nd6+ $2 (23. Qf4 e6 24. Nh6+ Kh8 25. Nf7+ Rxf7 26. Qxf7 Nxc4 27. Qe8+ Kg7 28. Qc6) 23... Nxc4 {Black is clearly winning.} 24. Nxc8 Rg6 25. Qxh5 Rxc8 26. Qd5+ Kh8 0-1